[Event "Ruhrgebiet Regionalliga 1819"]
[Site "Nordrheinwestfalen"]
[Date "2019.05.19"]
[Round "10.7"]
[White "Stede, Joachim"]
[Black "Zeldin, Vitali"]
[Result "1/2-1/2"]
[WhiteElo "1699"]
[BlackElo "1979"]
[PlyCount "55"]
[EventDate "2018.09.02"]
[EventType "team-tourn"]
[EventRounds "11"]
[EventCountry "GER"]
[SourceTitle "EXT 2022"]
[Source "ChessBase"]
[SourceDate "2021.10.06"]
[SourceVersion "1"]
[SourceVersionDate "2021.10.06"]
[SourceQuality "1"]
[WhiteTeam "Eichlinghofen SV"]
[BlackTeam "Bochum SG II"]
[WhiteTeamCountry "GER"]
[BlackTeamCountry "GER"]

1. e4 c5 2. Nf3 d6 3. d4 cxd4 4. Nxd4 Nf6 5. Nc3 g6 6. Bd3 Bg7 7. Be3 0-0 8. 0-0 Ng4 9. Qd2 Nxe3 10. Qxe3 Nc6 11. Nxc6 bxc6 12. Nd1 d5 13. Qc5 Bb7 14. c3 Re8 15. Kh1 e5 16. f3 Bf8 17. Qf2 Qc7 18. Qg3 Bh6 19. Nf2 Bf4 20. Qh4 Qd8 21. Qxd8 Raxd8 22. g3 Bh6 23. Ng4 Bg7 24. Rad1 Bc8 25. Nf2 Be6 26. b3 a5 27. Bc2 f5 28. Kg2 1/2-1/2

[Event "NRW Verbandsklasse Group1 1314"]
[Site "Nordrheinwestfalen"]
[Date "2013.10.13"]
[Round "2"]
[White "Stede, Joachim"]
[Black "Kuckelkorn, Joerg"]
[Result "1/2-1/2"]
[WhiteElo "1653"]
[BlackElo "1794"]
[PlyCount "175"]
[EventDate "2013.09.08"]
[EventType "team-tourn"]
[EventRounds "9"]
[EventCountry "GER"]
[SourceTitle "EXT 2020"]
[Source "ChessBase"]
[SourceDate "2019.10.17"]
[SourceVersion "1"]
[SourceVersionDate "2019.10.17"]
[SourceQuality "1"]
[WhiteTeam "Eichlinghofen SV II"]
[BlackTeam "Oberhausen SW"]
[WhiteTeamCountry "GER"]
[BlackTeamCountry "GER"]

1. e4 c5 2. Nf3 d6 3. d4 cxd4 4. Nxd4 Nf6 5. Nc3 a6 6. Bd3 Nc6 7. Nxc6 bxc6 8. 0-0 g6 9. h3 Bg7 10. Be3 0-0 11. f4 Nd7 12. Qd2 Rb8 13. Rab1 Bb7 14. Ne2 d5 15. exd5 cxd5 16. f5 e5 17. fxe6 fxe6 18. Rxf8+ Qxf8 19. Rf1 Qe7 20. c3 e5 21. Bc2 Rf8 22. Rxf8+ Bxf8 23. Bb3 Qf7 24. Ng3 Nc5 25. Bc2 Nd7 26. Bb3 Nc5 27. Bc2 Ne6 28. Bb3 Bc5 29. Ne2 Qe7 30. Kh1 Bxe3 31. Qxe3 Qd6 32. Qf2 Kg7 33. Qg3 Qe7 34. Qg4 Qf7 35. Ng3 Kh8 36. Qe2 Qf4 37. Nf1 Nc5 38. Bc2 Ne6 39. Qf3 Qxf3 40. gxf3 d4 41. Be4 Bxe4 42. fxe4 dxc3 43. bxc3 Ng5 44. Nd2 Nxh3 45. Kg2 Ng5 46. a4 Kg7 47. Kf2 h5 48. Ke3 Kf6 49. a5 Ne6 50. Nb3 g5 51. c4 g4 52. c5 h4 53. c6 Ke7 54. Nd2 Nc7 55. Nc4 Ke6 56. Kf2 Nb5 57. Ne3 g3+ 58. Kg2 Nd4 59. c7 Kd7 60. Kh3 Nf3 61. Kg4 Ne1 62. Kh3 Kxc7 63. Nc4 Nf3 64. Kg2 Ng5 65. Nxe5 Nxe4 66. Nf3 Kc6 67. Nxh4 Kb5 68. Kf3 Nd2+ 69. Kxg3 Kxa5 70. Nf5 Nc4 71. Nd4 Kb4 72. Kf4 Nd6 73. Ke5 Nb5 74. Nc6+ Kc5 75. Na5 Nc7 76. Ke4 Kb5 77. Nb3 Kc4 78. Na5+ Kb5 79. Nb3 Kb4 80. Nd4 Nb5 81. Nc6+ Kc5 82. Na5 Na7 83. Kd3 Kb5 84. Nc4 Nc6 85. Kc3 Kc5 86. Kb3 Nd4+ 87. Kc3 Ne2+ 88. Kb3 1/2-1/2